00369 a2200157 4500003000400000005001700004008004100021020001800062040000900080082002000089100001600109245003100125250001200156260003300168300001000201OSt20231208120231.0231208b |||||||| |||| 00| 0 eng d a9789354821967 coclc a894.8123bDEE/W aDeepa, V.K. aWoman Eaters /cV.K. Deepa a4th ed. aKottayam:bD C Books,c2023. a160p.